00806cam a2200193 a 450000500170000000800410001701000170005802000670007503500160014203700130015804000080017110000180017924500620019726000490025927000570030830000540036550000560041950501370047520091121122244.0000504s2000 nik 000 0 eng d aENG-95538-41 a9788131306154 (Set of 4 Vols.)c2800.00 (V. I , II, III, & IV) aEN-79071-74 bDBAD/PUB aDPL aMishra, R, C. aEncyclopaedia of educational psychology cby R.C. Mishra aNew DelhibAPH. Publishing corporationc2009 a4435-36/7 Ansari Road, Darya GanjbNew Delhie110002 a4v (279p. ; 279p. ; 286 p. ; 275p. ) c22 cm.(Hb) aIt is a set of 4 vols. and set price is Rs. 2800.00 aV.- I. Educational Psychology. - V.II Advanced educational Psychology. - V.III Developmental Psychology. - V. IV Child Psychology